| 000 | 00375nam a22001697a 4500 | ||
|---|---|---|---|
| 003 | SGT | ||
| 020 | _a9789350257609 | ||
| 082 |
_a617.7 _bB13P |
||
| 100 | _aPRAMOD, TK. | ||
| 245 | _aBEST AID TO OPTHALMOLOGY | ||
| 250 | _a1ST | ||
| 260 |
_aINDIA _bJAYPEE PUB _c2013 |
||
| 300 | _a489 | ||
| 650 | _aOPHTHALMOLOGY | ||
| 653 | _aBEST AID TO OPTHALMOLOGY | ||
| 942 |
_2ddc _cBK |
||
| 999 |
_c33425 _d33425 |
||